[Event "EU-ch U14 Girls 30th"]
[Site "Antalya"]
[Date "2022.11.09"]
[Round "4"]
[White "Toth, Lili1111"]
[Black "Tsapaki, Asimenia"]
[Result "1-0"]
[WhiteElo "2199"]
[BlackElo "1608"]
[PlyCount "67"]
[EventDate "2022.11.06"]
[EventType "swiss"]
[EventRounds "9"]
[EventCountry "TUR"]
[SourceTitle "CBM 211 Extra"]
[Source "ChessBase"]
[SourceDate "2023.01.31"]
[SourceVersion "1"]
[SourceVersionDate "2023.01.31"]
[SourceQuality "1"]

1. d4 Nf6 2. c4 e6 3. Nc3 Bb4 4. Qc2 Nc6 5. Nf3 d6 6. e4 e5 7. d5 Nb8 8. Qa4+ Nc6 9. dxc6 Bxc3+ 10. bxc3 bxc6 11. Bg5 Bd7 12. Qc2 0-0 13. Bd3 h6 14. Bxf6 Qxf6 15. 0-0 Bh3 16. Nxe5 Bxg2 17. Kxg2 dxe5 18. f3 Rfd8 19. Rfd1 Rd6 20. Be2 Rad8 21. Rxd6 Rxd6 22. Rd1 Qg5+ 23. Kh1 Rg6 24. Bd3 h5 25. Qd2 Qh4 26. c5 Qh3 27. Qe2 h4 28. Bc4 Rf6 29. Rd3 Kh7 30. f4 Qc8 31. f5 g6 32. Rh3 gxf5 33. Rxh4+ Kg7 34. Qh5 1-0

[Event "GRE-chT 49th"]
[Site "Thessaloniki"]
[Date "2022.08.15"]
[Round "5.8"]
[White "Tsapaki, Asimenia"]
[Black "Kontogianni, Vasiliki"]
[Result "1-0"]
[WhiteElo "1479"]
[BlackElo "1379"]
[PlyCount "57"]
[EventDate "2022.08.12"]
[EventType "team-swiss"]
[EventRounds "7"]
[EventCountry "GRE"]
[SourceTitle "CBM 209 Extra"]
[Source "ChessBase"]
[SourceDate "2022.09.30"]
[SourceVersion "1"]
[SourceVersionDate "2022.09.30"]
[SourceQuality "1"]
[WhiteTeam "OFI"]
[BlackTeam "Yazioe"]
[WhiteTeamCountry "GRE"]
[BlackTeamCountry "GRE"]

1. e4 c5 2. Nf3 d6 3. d4 cxd4 4. Nxd4 Nf6 5. Nc3 a6 6. Bg5 e6 7. f4 Nbd7 8. Qf3 Qc7 9. 0-0-0 b5 10. Bxf6 gxf6 11. Qh5 Nb6 12. Ncxb5 axb5 13. Bxb5+ Bd7 14. Nxe6 Qb7 15. Nxf8 Kxf8 16. Qh6+ Ke7 17. e5 Bxb5 18. Qxf6+ Kd7 19. Rxd6+ Kc7 20. Rhd1 Rxa2 21. Qxf7+ Kb8 22. Qxa2 Nc4 23. Rd8+ Rxd8 24. Rxd8+ Kc7 25. Qa8 Qxa8 26. Rxa8 Ne3 27. g3 Nf1 28. Ra7+ Kb6 29. Rxh7 1-0

[Event "GRE-chT 49th"]
[Site "Thessaloniki"]
[Date "2022.08.12"]
[Round "1.2"]
[White "Kiousi, Panagiota"]
[Black "Tsapaki, Asimenia"]
[Result "1-0"]
[WhiteElo "1878"]
[BlackElo "1479"]
[PlyCount "103"]
[EventDate "2022.08.12"]
[EventType "team-swiss"]
[EventRounds "7"]
[EventCountry "GRE"]
[SourceTitle "CBM 209 Extra"]
[Source "ChessBase"]
[SourceDate "2022.09.30"]
[SourceVersion "1"]
[SourceVersionDate "2022.09.30"]
[SourceQuality "1"]
[WhiteTeam "Eaao Fysiolatris Nikias"]
[BlackTeam "OFI"]
[WhiteTeamCountry "GRE"]
[BlackTeamCountry "GRE"]

1. d4 d5 2. Nf3 Nf6 3. g3 Bf5 4. Bg2 e6 5. c4 c6 6. Qb3 Qb6 7. 0-0 Be7 8. Bf4 dxc4 9. Qxc4 Qxb2 10. Nbd2 Nbd7 11. Rfe1 Nb6 12. Qb3 Qxb3 13. Nxb3 Nbd5 14. Be5 0-0-0 15. Nh4 Bg6 16. Nxg6 hxg6 17. h3 Rhg8 18. e4 Nc7 19. a4 Nd7 20. Bf4 g5 21. Be3 Kb8 22. Reb1 Nb6 23. Bf1 Ka8 24. Nc5 Bxc5 25. dxc5 Nd7 26. Bxg5 f6 27. Be3 e5 28. Rd1 Nb8 29. Bc4 Rh8 30. Kg2 Nca6 31. f4 exf4 32. gxf4 Rhe8 33. Kf3 Nb4 34. Rxd8 Rxd8 35. Rg1 Rd7 36. e5 fxe5 37. fxe5 Nd5 38. Bxd5 cxd5 39. Bg5 Rc7 40. e6 Nc6 41. Rd1 d4 42. Re1 Ne7 43. Ke4 b6 44. cxb6 axb6 45. Bxe7 Rxe7 46. Kxd4 Kb7 47. Kd5 Kc7 48. Rc1+ Kd8 49. Kd6 Ra7 50. Rc6 Rb7 51. Rc4 g5 52. Rg4 1-0

[Event "GRE-ch Online Blitz (Women) 1st"]
[Site "Tornelo INT"]
[Date "2021.02.07"]
[Round "2"]
[White "Kalamoukou, Giolanta"]
[Black "Tsapaki, Asimenia"]
[Result "1-0"]
[WhiteElo "1150"]
[BlackElo "1265"]
[PlyCount "115"]
[EventDate "2021.02.07"]
[EventType "swiss (blitz)"]
[EventRounds "16"]
[EventCountry "GRE"]
[SourceTitle "EXT 2023"]
[Source "ChessBase"]
[SourceDate "2022.10.05"]
[SourceVersion "1"]
[SourceVersionDate "2022.10.05"]
[SourceQuality "1"]

1. d4 f5 2. c4 Nf6 3. Nc3 g6 4. e3 Bg7 5. Nf3 d6 6. Be2 0-0 7. 0-0 c6 8. b3 Qc7 9. Bb2 e5 10. dxe5 dxe5 11. Na4 e4 12. Nd4 Re8 13. c5 Be6 14. b4 Nbd7 15. Nc3 Nf8 16. a4 Rad8 17. Qc2 Nd5 18. Nxd5 Bxd5 19. Bc4 Bxc4 20. Qxc4+ Kh8 21. b5 Qe7 22. bxc6 Rc8 23. cxb7 Qxb7 24. Qb5 Qxb5 25. axb5 Rxc5 26. Rxa7 Rb8 27. Ba3 Rd5 28. Bxf8 Bxf8 29. Rb1 Bg7 30. Nc6 Rbd8 31. h3 Rc8 32. Ne7 Rdd8 33. Nxc8 Rxc8 34. b6 Rb8 35. b7 Be5 36. Ra8 Kg7 37. Rxb8 Bxb8 38. Rc1 Kf7 39. Rc8 Ba7 40. b8Q Bxb8 41. Rxb8 Kf6 42. Rb6+ Kg7 43. f3 exf3 44. gxf3 Kh6 45. Kg2 Kh5 46. Kg3 h6 47. Rb2 g5 48. e4 f4+ 49. Kg2 Kh4 50. e5 Kh5 51. e6 g4 52. hxg4+ Kh4 53. e7 h5 54. gxh5 Kxh5 55. e8Q+ Kh4 56. Qg8 Kh5 57. Rb1 Kh4 58. Rh1# 1-0

[Event "GRE-ch Online Blitz (Women) 1st"]
[Site "Tornelo INT"]
[Date "2021.02.07"]
[Round "4"]
[White "Kolovou, Christina"]
[Black "Tsapaki, Asimenia"]
[Result "0-1"]
[WhiteElo "1256"]
[BlackElo "1265"]
[PlyCount "48"]
[EventDate "2021.02.07"]
[EventType "swiss (blitz)"]
[EventRounds "16"]
[EventCountry "GRE"]
[SourceTitle "EXT 2023"]
[Source "ChessBase"]
[SourceDate "2022.10.05"]
[SourceVersion "1"]
[SourceVersionDate "2022.10.05"]
[SourceQuality "1"]

1. e4 c5 2. Nf3 Nf6 3. Nc3 d5 4. exd5 Nxd5 5. Bc4 e6 6. 0-0 Be7 7. d4 cxd4 8. Nxd4 0-0 9. Re1 Nxc3 10. bxc3 Bf6 11. Be3 Qc7 12. Qd3 Rd8 13. Rad1 Nc6 14. Bb3 b6 15. Qe4 Bb7 16. Qg4 Ne5 17. Qg3 Qxc3 18. Kh1 Ng6 19. Kg1 Rac8 20. Qg4 Rc7 21. Kh1 Rcd7 22. Kg1 Bxd4 23. Bxd4 Rxd4 24. Rxd4 Qxe1# 0-1

[Event "GRE-ch Online Blitz (Women) 1st"]
[Site "Tornelo INT"]
[Date "2021.02.07"]
[Round "12"]
[White "Tsapaki, Asimenia"]
[Black "Dereka, Konstantina"]
[Result "1-0"]
[WhiteElo "1265"]
[BlackElo "1363"]
[PlyCount "53"]
[EventDate "2021.02.07"]
[EventType "swiss (blitz)"]
[EventRounds "16"]
[EventCountry "GRE"]
[SourceTitle "EXT 2023"]
[Source "ChessBase"]
[SourceDate "2022.10.05"]
[SourceVersion "1"]
[SourceVersionDate "2022.10.05"]
[SourceQuality "1"]

1. b3 Nf6 2. Bb2 d5 3. e3 c5 4. f4 g6 5. Nf3 Bg7 6. Bb5+ Nc6 7. Bxc6+ bxc6 8. 0-0 0-0 9. d3 Bg4 10. h3 Bxf3 11. Qxf3 Qd6 12. Nd2 Rad8 13. Rad1 d4 14. e4 e5 15. Nc4 Qc7 16. Nxe5 Rfe8 17. Nc4 Nd7 18. Rde1 a5 19. a4 Nb6 20. Nd2 Nd7 21. e5 Bh6 22. Ne4 Bg7 23. Nd6 Re6 24. Ne4 Nb6 25. Nxc5 Re7 26. Ne4 Nd5 27. Bxd4 1-0

[Event "GRE-ch Online Blitz (Women) 1st"]
[Site "Tornelo INT"]
[Date "2021.02.07"]
[Round "9"]
[White "Tsapaki, Asimenia"]
[Black "Gkoutzouki, Aikaterini Argyro"]
[Result "0-1"]
[WhiteElo "1265"]
[BlackElo "1386"]
[PlyCount "72"]
[EventDate "2021.02.07"]
[EventType "swiss (blitz)"]
[EventRounds "16"]
[EventCountry "GRE"]
[SourceTitle "EXT 2023"]
[Source "ChessBase"]
[SourceDate "2022.10.05"]
[SourceVersion "1"]
[SourceVersionDate "2022.10.05"]
[SourceQuality "1"]

1. c4 e6 2. d4 d5 3. e3 Nf6 4. Nc3 Be7 5. Nf3 0-0 6. Be2 b6 7. 0-0 Bb7 8. b3 Nbd7 9. Bb2 c5 10. Qd2 cxd4 11. Nxd4 Nc5 12. Bf3 e5 13. Nf5 e4 14. Nxe7+ Qxe7 15. Be2 Rad8 16. Rfd1 dxc4 17. Qc2 cxb3 18. axb3 a5 19. Nb5 Nd3 20. Nd4 Rc8 21. Qb1 Nxb2 22. Qxb2 Rfd8 23. Bc4 Bd5 24. Bxd5 Rxd5 25. Rac1 Rxc1 26. Rxc1 h6 27. h3 Rc5 28. Rd1 Qc7 29. Rd2 Rc1+ 30. Qxc1 Qxc1+ 31. Kh2 Qxd2 32. Nf5 Qxf2 33. Nd4 Qxe3 34. Nf5 Qf4+ 35. g3 Qxf5 36. g4 Qf4+ 0-1